000
00290nam a22001337a 4500
008
210609b ||||| |||| 00| 0 eng d
041
_a
eng
080
_a
330
082
_a
330
100
_a
52
101
_a
EKO
245
_a
Masons and Builders Library
_c
Dezettel,L.M
942
_2
udc
_c
BK
999
_c
58092
_d
58092